| 000 | 00719nam a2200253Ia 4500 | ||
|---|---|---|---|
| 003 | OSt | ||
| 005 | 20221005081127.0 | ||
| 006 | a|||||r|||| 00| 0 | ||
| 007 | ta | ||
| 008 | 221004b |||||||| |||| 00| 0 eng d | ||
| 020 |
_a8172340842 (hbk) _c695 |
||
| 024 | _a100323 | ||
| 037 |
_b272, 05/03/2010, University Book House _cTextual |
||
| 040 |
_aCRL _cCRL _beng |
||
| 041 |
_2eng _aeng |
||
| 082 | _aY:1.2, P5 | ||
| 100 |
_aChopra Tarun _9404248 |
||
| 245 | 0 | _aMajestic India | |
| 260 |
_aNew Delhi _bPrakash Books India _c2005 |
||
| 300 |
_a128p. _ccm. |
||
| 650 | _aSOCIOLOGY | ||
| 942 |
_hY:1.2, P5 _cTEXL _2cc |
||
| 999 |
_c987208 _d987208 |
||